| 000 | 00372nam a22001217a 4500 | ||
|---|---|---|---|
| 082 | _aTHE 200 | ||
| 100 |
_aAnam Tariq _972831 |
||
| 245 | _aTH-SOF-0792-ANALYSIS OF RETINAL IMAGE FOR GRADING OF DIABETIC MACULOPATHY | ||
| 260 |
_aNUST COLLEGE OF EME _bISLAMABAD _c2001 |
||
| 650 | _a MS-COMPUTER ENGINEERING-69 MSTHESIS | ||
| 700 |
_a Dr. Shoab A. Khan _918474 |
||
| 942 | _cCF | ||
| 999 |
_c578816 _d578816 |
||